Statystyki dla quiz druga wojna świtowa

Kliknij tutaj aby rozwiązać quiz!

Ogólne statystyki

  • Ten quiz został rozwiązany 155 razy
  • Średni wynik to 6 z 7

Statystyki odpowiedzi

wskazówkawpisz% Poprawnych
Niemcy
97%
alianciWielka Brytania
97%
alianciUSA
91%
Włochy
91%
Japonia
88%
alianciPolska
74%
alianciZWIĄZEK RADZIECKI
39%

Rozkład punktacji

Percentyl według liczby udzielonych odpowiedzi

Procent ludzi z każdym wynikiem

Twoja historia wyników

Nie rozwiązałeś tego quizu